Mexican cooking / (Record no. 83759)

MARC details
000 -LEADER
fixed length control field 00540nam a22001817a 4500
005 - DATE AND TIME OF LATEST TRANSACTION
control field 20140507111932.0
010 ## - LCCN (DPL NO)
LC control number ENG-109882
020 ## - INTERNATIONAL STANDARD BOOK NUMBER
International Standard Book Number 9788184983289
Terms of availability 395.00
035 ## - SYSTEM CONTROL NUMBER
System control number EN-93415
037 ## - SOURCE OF ACQUISITION
Source of stock number/acquisition DBAD/PUB
082 ## - DEWEY DECIMAL CLASSIFICATION NUMBER
Classification number 641.5972
100 ## - MAIN ENTRY--PERSONAL NAME
Personal name Naware, Rajashree
245 00 - TITLE STATEMENT
Title Mexican cooking /
Statement of responsibility, etc by Rajashree Naware
260 ## - PUBLICATION, DISTRIBUTION, ETC. (IMPRINT)
Place of publication, distribution, etc Pune
Name of publisher, distributor, etc Mehta Publishing House
Date of publication, distribution, etc 2012
270 ## - ADDRESS
Address 1941, Sadashiv Peth, Mediwalie Colony
City Pune
Postal code 411030
300 ## - PHYSICAL DESCRIPTION
Extent 112p. :
Dimensions 24cm(pbk)
Other physical details col. photos
942 ## - ADDED ENTRY ELEMENTS (KOHA)
Source of classification or shelving scheme Dewey Decimal Classification
Item type English Books
Call number suffix NAW
Classification part 641.5972
Holdings
Withdrawn status Lost status Not for loan Collection code Home library Current library Date acquired Source of acquisition Cost, normal purchase price Full call number Barcode Copy number Cost, replacement price Koha item type
    Not For Loan Non-fiction D.B.Act.Division D.B.Act.Division 24/04/2014 DBAD / PUB 395.00 641.5972 NAW EN-93415 1 395.00 English Books

© Delhi Public Library
Hit Counter
free hit counter